Guess My Current Grades In School #1 - Statistics

General Stats
  • This quiz has been taken 2 times
  • The average score is 3 of 5
Answer Stats
Hint Range Answer % Correct
Chinese A range 100.00%
100%
AP Human Geography A range 91.11%
100%
Biology A range 98.00%
100%
Honors Algebra 2 / Trigonometry B range 84.66%
0%
Exploratory Art A range 98.07%
0%
No matching quizzes found
Score Distribution
Percent of People with Each Score
Percentile by Number Answered
Your Score History
You have not taken this quiz